15/15 impossible - Statistiken

Allgemein
  • Dieses Quiz wurde 74 mal gespielt
  • Das Durchschnittsergebnis liegt bei 7 aus 15
Antwortstatistiken
Hint Antwort % Korrekt
Wie viele Ohren hatte Vincent van Gogh bei seinem Tod? 1
99%
Wer wills wissen? Willi
84%
Welchen Beruf hat Stefan Raab gelernt? Metzger
69%
Wie lautet das französische Wort für "Geldbörse"? Portemonnaie
58%
Welches ist das weltweit meistverkaufte Videospiel? Minecraft
55%
Welcher Ur-Vogel lebte ausschließlich auf der Insel Mauritius? Dodo
54%
Aus welchem Sport kennt man Wayne Gretzky? Eishockey
48%
Wie hieß der inoffizielle WM-Song der WM 2010 von K´NAAN? Wavin Flag
48%
Zu welcher Automarke gehören die Modelle Giulia, Tonale und Stelvio? Alfa Romeo
34%
Wer hat den Instagram-Account mit den meisten Followern? Instagram
30%
In welchem Spiel taucht Super Mario zum ersten Mal in 3D auf? Super Mario 64
27%
Wie heißt Toni Schuhmacher mit eigentlichem Vornamen? Harald
25%
In welcher Straße ist das Berliner Hard Rock Cafe? Kurfürstendamm
12%
Was für ein Tier ist Carcajou aus Yakari? Vielfraß
12%
Wie heißt der Helikopter aus "Thomas die Lokomotive"? Harold
7%
Keine übereinstimmenden Quizze gefunden
Verteilung der Resultate
Anzahl Personen mit jedem Resultat
Perzentil nach korrekt beantworteten Fragen
Ihre Resultats-Entwicklung
Sie haben dieses Quiz noch nicht gespielt